000 00291nam a2200109Ia 4500
008 190216s9999||||xx |||||||||||||| ||und||
100 _aKuttipuzha Krishnapilla
245 0 _aMalayalam-Kunthipuzhayude Thiranjedutha Upanyasangal
260 _bNbs Kottayam
650 _aMalayalam
942 _cBK
999 _c24966
_d24966